[Event "Titled Tue 27th May Early"]
[Site "chess.com INT"]
[Date "2025.05.27"]
[Round "2"]
[White "Azamikia, Mehran"]
[Black "Dubnevych, Maksym"]
[Result "0-1"]
[WhiteTitle "CM"]
[BlackTitle "FM"]
[WhiteElo "2130"]
[BlackElo "2292"]
[WhiteFideId "12502502"]
[BlackFideId "14184001"]
[EventDate "2025.05.27"]

1. d4 d5 2. Nf3 Nf6 3. c4 e6 4. g3 dxc4 5. Bg2 Nbd7 6. Qc2 Nb6 7. O-O Be7 8.
Nbd2 O-O 9. Nxc4 Nxc4 10. Qxc4 c6 11. Rd1 Qd5 12. Qxd5 exd5 13. Bf4 h6 14. a3
Bf5 15. Ne5 Rfe8 16. Rac1 a5 17. h3 Ne4 18. g4 Bh7 19. Bxe4 Bxe4 20. f3 Bh7 21.
Kf2 Bh4+ 22. Kf1 Re7 23. Rd2 Rae8 24. Rc3 a4 25. Nd3 Bf6 26. Be5 Bxd3 27. Rcxd3
Bxe5 28. dxe5 Rxe5 29. Kf2 Ra8 30. Rd4 Kf8 31. e4 dxe4 32. Rxe4 Rxe4 33. fxe4
Ke7 34. Rd4 Ra5 35. Ke3 Rb5 36. Rxa4 Rxb2 37. Ra7 Rb3+ 38. Kd4 Kd6 39. a4 Rb4+
40. Kd3 Rb1 41. a5 Ke6 42. h4 g6 43. g5 hxg5 44. hxg5 Rb3+ 45. Kd4 Rb4+ 46. Kc5
Rb5+ 47. Kd4 Rxg5 48. a6 bxa6 49. Rxa6 Kd6 50. Ra7 c5+ 51. Kc4 Ke6 52. Kd3 f6
53. Ra8 Re5 54. Re8+ Kf7 55. Rc8 Kg7 56. Rc6 g5 57. Rc7+ Kg6 58. Rc8 Kh5 59. Rf8
Re6 60. Rc8 Re5 61. Rf8 Kg6 62. Rc8 g4 63. Rg8+ Kh5 64. Ke3 Rg5 65. Rh8+ Kg6 66.
Kf4 g3 67. Rg8+ Kf7 68. Rxg5 fxg5+ 69. Kxg3 Kf6 70. Kf3 Ke5 71. Ke3 g4 72. Kf2
c4 73. Kg3 c3 0-1

[Event "Titled Tue 27th May Early"]
[Site "chess.com INT"]
[Date "2025.05.27"]
[Round "2"]
[White "Perez Rojas, Jorge"]
[Black "Claverie, Christophe"]
[Result "0-1"]
[WhiteTitle "FM"]
[BlackTitle "IM"]
[WhiteElo "2100"]
[BlackElo "2290"]
[WhiteFideId "3452093"]
[BlackFideId "605514"]
[EventDate "2025.05.27"]

1. e4 c5 2. Nf3 g6 3. d4 cxd4 4. Qxd4 Nf6 5. c4 Nc6 6. Qd3 Bg7 7. Nc3 O-O 8. h3
d6 9. Be2 Nd7 10. O-O Nc5 11. Qc2 Bxc3 12. bxc3 f6 13. Be3 b6 14. Nd4 Na5 15.
Rad1 Ba6 16. Nb5 Qd7 17. f4 Rfc8 18. e5 Qe6 19. Nd4 Qf7 20. exd6 exd6 21. Nb5
Nab7 22. Bf3 Qxc4 23. Bd5+ Qxd5 24. Rxd5 Bxb5 25. Re1 Bc4 26. Rd4 d5 27. f5 g5
28. h4 h6 29. hxg5 hxg5 30. Rg4 Re8 31. Bf2 Rxe1+ 32. Bxe1 Re8 33. Bh4 Ne4 34.
Qa4 b5 35. Qxa7 Nbd6 36. Qd7 Kf8 37. Bg3 Nf7 38. a4 bxa4 39. Qxa4 Re7 40. Be1
Kg7 41. Qa8 Nh6 42. Rxe4 Rxe4 43. Qa7+ Nf7 44. Bf2 Re5 45. Bd4 Rxf5 46. g4 Rf4
47. Qd7 Kg6 48. Qe6 Nh6 49. Qe8+ Kg7 50. Qe7+ Kg6 51. Qe8+ Kg7 52. Qe7+ Nf7 53.
Qd7 Kg6 54. Kg2 Nh6 55. Qe8+ Kg7 56. Qe7+ Nf7 57. Qe6 Kg6 58. Kg3 Bd3 59. Qe7
Be4 60. Qe6 Rf3+ 61. Kg2 Rf4+ 62. Kh2 Kg7 63. Qe7 Bf3 64. Kg3 Bxg4 65. Be3 Re4
66. Qxe4 dxe4 67. Kxg4 Kg6 68. Kg3 f5 69. Kf2 f4 70. Bd4 Kf5 71. Ke2 Nd6 72. Kf2
Nc4 73. Ke2 g4 74. Kf2 g3+ 75. Ke2 Kg4 76. Kf1 f3 77. Kg1 f2+ 78. Kf1 e3 79. Ke2
g2 80. Bxe3 f1=Q# 0-1

[Event "Titled Tue 27th May Early"]
[Site "chess.com INT"]
[Date "2025.05.27"]
[Round "2"]
[White "Stamatiou, Rodolfos"]
[Black "Galchenko, Matvey"]
[Result "1-0"]
[WhiteTitle "FM"]
[BlackTitle "IM"]
[WhiteElo "2269"]
[BlackElo "2442"]
[WhiteFideId "25826530"]
[BlackFideId "24175480"]
[EventDate "2025.05.27"]

1. e4 e6 2. d4 d5 3. Nc3 Bb4 4. exd5 exd5 5. Bd3 Nc6 6. Ne2 Nge7 7. O-O O-O 8.
Be3 Bf5 9. a3 Bd6 10. Ng3 Bxd3 11. Qxd3 Qd7 12. Rae1 Rae8 13. Nce2 Ng6 14. Nf5
Re4 15. Neg3 Bxg3 16. Nxg3 Ree8 17. Qf5 Qd6 18. Qg4 Qf6 19. c3 Qh4 20. Qf3 Nce7
21. Bd2 c6 22. Re2 Nc8 23. Nf5 Qd8 24. Rfe1 Rxe2 25. Qxe2 Nd6 26. Nxd6 Qxd6 27.
g3 Qd7 28. h4 Rc8 29. h5 Nf8 30. h6 Qf5 31. hxg7 Ne6 32. Qe5 Qxe5 33. Rxe5 Kxg7
34. f4 Kf6 35. f5 Nc7 36. g4 Re8 37. g5+ Kg7 38. Bf4 Kf8 39. Kf2 Rc8 40. Kf3 Ne8
41. Re2 Ng7 42. Kg4 b6 43. Be5 c5 44. Rh2 Kg8 45. Rh6 cxd4 46. Bxd4 Re8 47. Rd6
Re4+ 48. Kf3 Re8 49. Rxd5 Nh5 50. Kg4 Ng7 51. Rd7 Re4+ 52. Kf3 Re8 53. Bxg7 Kxg7
54. Rxa7 Re5 55. Kf4 Re2 56. b4 Rc2 57. Rc7 Ra2 58. Rc6 Rxa3 59. Kg4 b5 60. f6+
Kg6 61. Rc8 h5+ 62. Kf4 Ra1 63. Rg8+ Kh7 64. Rg7+ Kh8 65. Rxf7 Rf1+ 66. Ke5 h4
67. g6 Re1+ 68. Kd5 Re8 69. Rh7+ Kg8 70. Rxh4 Rd8+ 71. Kc5 Rc8+ 72. Kxb5 Rxc3
73. f7+ Kg7 74. Rh7+ Kxg6 75. f8=Q Kxh7 76. Qf7+ Kh6 77. Qf6+ Kh7 78. Qxc3 1-0

[Event "Titled Tue 27th May Early"]
[Site "chess.com INT"]
[Date "2025.05.27"]
[Round "2"]
[White "Arakelyan, Manvel"]
[Black "Kawka, Milena"]
[Result "1-0"]
[WhiteTitle "FM"]
[BlackTitle "WCM"]
[WhiteElo "2326"]
[BlackElo "2004"]
[WhiteFideId "13317415"]
[BlackFideId "21095167"]
[EventDate "2025.05.27"]

1. d4 Nf6 2. Nf3 e6 3. g3 b5 4. Bg2 Bb7 5. O-O c5 6. a4 b4 7. c3 d5 8. cxb4 cxb4
9. Bf4 Bd6 10. Nbd2 O-O 11. Nb3 Qe7 12. Bxd6 Qxd6 13. Nc5 Bc6 14. Ne5 Nbd7 15.
Nexd7 Nxd7 16. Rc1 Nxc5 17. Rxc5 Rfc8 18. Qb3 a5 19. Rfc1 Bd7 20. e3 Rc6 21.
Rxc6 Bxc6 22. Rc5 Qd7 23. Qd3 Bxa4 24. e4 dxe4 25. Bxe4 Rc8 26. Rxa5 Bc2 27. Qe3
Bxe4 28. Qxe4 g6 29. h4 Rd8 30. d5 exd5 31. Qxb4 Re8 32. Qd4 Qh3 33. Ra1 Qf5 34.
Rd1 Re2 35. b4 Ra2 36. b5 h6 37. b6 Ra8 38. Qxd5 Qxd5 39. Rxd5 Rb8 40. Rb5 Rb7
41. Kg2 Kf8 42. Kf3 Ke7 43. Ke4 Ke6 44. Rb1 f5+ 45. Kf4 Kf6 46. Rb5 g5+ 47.
hxg5+ hxg5+ 48. Ke3 Ke6 49. Kd4 Rd7+ 50. Kc4 Rb7 51. Kc5 Kd7 52. Kd5 f4 53. g4
Rb8 54. b7 Kc7 55. Ke5 Re8+ 56. Kf5 Kb8 57. Kxg5 Re2 58. f3 Re8 59. Kxf4 Rf8+
60. Rf5 Rg8 61. g5 Kxb7 62. Rf7+ Kc6 63. Kf5 Kd6 64. f4 Kd5 65. Rd7+ Kc6 66. Rf7
Kd5 67. Kf6 Ke4 68. f5 Kf4 69. g6 Rc8 70. g7 Rc6+ 71. Ke7 Rc7+ 72. Ke6 Rc6+ 73.
Kd5 Rc8 74. Rf8 1-0

[Event "Titled Tue 27th May Early"]
[Site "chess.com INT"]
[Date "2025.05.27"]
[Round "2"]
[White "Germanovs, Georgijs"]
[Black "Smirnova, Ekaterina"]
[Result "1-0"]
[WhiteTitle "CM"]
[BlackTitle "WIM"]
[WhiteElo "2255"]
[BlackElo "2096"]
[WhiteFideId "11609710"]
[BlackFideId "4110943"]
[EventDate "2025.05.27"]

1. g3 d5 2. Bg2 Nf6 3. c4 c6 4. cxd5 cxd5 5. d4 Nc6 6. Nc3 e6 7. f3 Bb4 8. Nh3
O-O 9. O-O e5 10. dxe5 Nxe5 11. Bg5 d4 12. Ne4 Be7 13. Bxf6 Bxf6 14. Qd2 Nc4 15.
Qb4 Ne3 16. Rfc1 Bf5 17. Nhf2 b6 18. Rc6 Be7 19. Qd2 Rc8 20. Rxc8 Qxc8 21. Rc1
Qd7 22. h4 h6 23. Kh2 Rd8 24. Bh3 Bxh3 25. Nxh3 a5 26. Nf4 Qa4 27. b3 Qb5 28.
Qd3 Qe5 29. Ng2 Nf5 30. Rc6 Nxh4 31. Nxh4 Bxh4 32. Rxb6 f5 33. Qc4+ Kh8 34. Rb5
Qe7 35. Rxf5 Bf6 36. Nxf6 gxf6 37. Qd3 Re8 38. Kh3 Qxe2 39. Qxe2 Rxe2 40. Rxa5
d3 41. Rd5 Rxa2 42. Rxd3 Rb2 43. Kg4 Kg7 44. Kf5 h5 45. f4 Rb1 46. Rd7+ Kh6 47.
Rb7 Rg1 48. Kxf6 Rxg3 49. f5 h4 50. Rb8 Kh5 51. Rh8+ Kg4 52. Ke6 Rd3 53. f6 Re3+
54. Kd6 Rd3+ 55. Ke5 Re3+ 56. Kd4 Rf3 57. Rg8+ Kh3 58. Ke5 Kh2 59. b4 h3 60. b5
Kh1 61. b6 h2 62. b7 Rf5+ 63. Ke4 Rf4+ 64. Ke3 Rf3+ 65. Kd4 Rf4+ 66. Kc5 Rf5+
67. Kc6 Rxf6+ 68. Kc5 Rf5+ 69. Kb6 Rb5+ 70. Kc6 Rb6+ 71. Kd5 1-0

[Event "Titled Tue 27th May Early"]
[Site "chess.com INT"]
[Date "2025.05.27"]
[Round "2"]
[White "Gubajdullin, Alexei"]
[Black "Yilmaz, Mustafa"]
[Result "0-1"]
[WhiteTitle "FM"]
[BlackTitle "GM"]
[WhiteElo "2227"]
[BlackElo "2586"]
[WhiteFideId "4141202"]
[BlackFideId "6302718"]
[EventDate "2025.05.27"]

1. Nf3 c5 2. g3 Nc6 3. Bg2 g6 4. O-O Bg7 5. d3 Nf6 6. Nbd2 O-O 7. e4 d6 8. Ng5
Rb8 9. f4 Bd7 10. f5 b5 11. Nh3 Ne5 12. Nf3 c4 13. d4 Nxf3+ 14. Qxf3 Bc6 15. Nf2
e6 16. fxe6 fxe6 17. Qe2 e5 18. d5 Bd7 19. Bg5 Qc7 20. Bh3 Bxh3 21. Nxh3 Qd7 22.
Kg2 Rf7 23. Bxf6 Bxf6 24. Rf2 Rbf8 25. Raf1 Kg7 26. Qe3 h6 27. Ng1 Qb7 28. h4 b4
29. Ne2 Qb6 30. Rf3 Qxe3 31. Rxe3 Bd8 32. Rxf7+ Rxf7 33. Rf3 Rb7 34. Kh3 Bb6 35.
g4 Bd4 36. b3 Rc7 37. h5 cxb3 38. cxb3 Rc2 39. Ng3 Rc3 40. Kg2 Rc2+ 41. Kh3 Bg1
42. g5 gxh5 43. Nxh5+ Kg6 44. gxh6 Kxh5 45. h7 Rh2+ 46. Kg3 Kg6 47. Rf1 Kxh7 48.
Rxg1 Rxa2 49. Rf1 Kg7 50. Rc1 Ra3 51. Rc7+ Kf6 52. Rd7 Kg5 53. Rxd6 Rxb3+ 54.
Kf2 Kf4 55. Ra6 Rb2+ 56. Ke1 Kxe4 57. d6 Ke3 58. Kd1 b3 59. Kc1 Rc2+ 60. Kb1 Rd2
61. Kc1 e4 62. Kb1 Ke2 63. Kc1 e3 64. Kb1 Kd1 65. Rxa7 e2 66. Re7 Rxd6 67. Kb2
Rd2+ 68. Kb1 e1=Q 69. Rxe1+ Kxe1 70. Kc1 Ke2 71. Kb1 Kd3 72. Kc1 Kc3 73. Kb1 Rh2
74. Kc1 Rh1# 0-1

[Event "Titled Tue 27th May Early"]
[Site "chess.com INT"]
[Date "2025.05.27"]
[Round "2"]
[White "Khodzhamkuliev, Bahadur"]
[Black "Unver, Cumayi"]
[Result "0-1"]
[WhiteElo "2093"]
[BlackElo "2012"]
[WhiteFideId "24135046"]
[BlackFideId "6304940"]
[EventDate "2025.05.27"]

1. Nf3 Nf6 2. d4 g6 3. c3 Bg7 4. Bg5 O-O 5. Nbd2 d6 6. e4 Nbd7 7. Be2 e5 8. dxe5
dxe5 9. O-O h6 10. Bh4 g5 11. Bg3 Nh5 12. Re1 Nf4 13. Bf1 Qe7 14. b4 a5 15. a3
Nb6 16. Nc4 Nxc4 17. Bxc4 Be6 18. Qb3 a4 19. Qa2 Rfd8 20. Rad1 c6 21. Bxe6 Qxe6
22. Qxe6 fxe6 23. Kf1 Kf7 24. h4 Kg6 25. Bxf4 exf4 26. e5 Rd5 27. Rxd5 cxd5 28.
Nd4 Kf7 29. Nb5 Bf8 30. Ke2 Rc8 31. Kd3 g4 32. f3 h5 33. fxg4 hxg4 34. Rf1 Rc4
35. Nd4 Bh6 36. h5 Ke7 37. Rh1 Rc8 38. Nb5 f3 39. gxf3 gxf3 40. Rf1 Rf8 41. Nd4
f2 42. Ke2 Rc8 43. Nb5 d4 44. Nxd4 Rxc3 45. Rxf2 Rxa3 46. Rg2 Ra2+ 47. Kf3 Rxg2
48. Kxg2 a3 49. Nb3 Bf4 50. Kf3 Bxe5 51. Nc1 Bb2 52. Na2 Kf6 53. Ke4 Kg5 54. b5
Kxh5 55. Nb4 Kg6 56. Na2 Kf6 57. Nb4 Ke7 58. Kd3 Kd6 59. Kc4 e5 60. Na2 b6 61.
Nb4 Ke6 62. Na2 Kf5 63. Kd3 e4+ 64. Ke3 Ke5 65. Nb4 Kf5 66. Na2 Be5 67. Nb4 Bd6
68. Na2 Bc5+ 69. Ke2 Ke5 70. Nc1 Kd5 71. Nb3 Kc4 72. Nc1 Kxb5 73. Nb3 Kc4 74.
Nc1 b5 75. Kd1 b4 76. Kc2 e3 77. Ne2 b3+ 78. Kb1 a2+ 79. Kb2 Bd4+ 80. Nxd4 Kxd4
81. Ka1 e2 82. Kb2 Ke3 0-1

[Event "Titled Tue 27th May Early"]
[Site "chess.com INT"]
[Date "2025.05.27"]
[Round "2"]
[White "Marynychenko, Yehor"]
[Black "Vykouk, Jan"]
[Result "1/2-1/2"]
[WhiteTitle "CM"]
[BlackTitle "IM"]
[WhiteElo "2183"]
[BlackElo "2496"]
[WhiteFideId "34160558"]
[BlackFideId "349658"]
[EventDate "2025.05.27"]

1. e4 c5 2. c3 e6 3. d4 d5 4. exd5 exd5 5. Nf3 Nf6 6. Bb5+ Bd7 7. Qe2+ Be7 8.
Ne5 O-O 9. Bxd7 Nbxd7 10. O-O Re8 11. Nd2 cxd4 12. cxd4 Nxe5 13. dxe5 Bd6 14.
Nf3 Ng4 15. Qb5 Nxe5 16. Nxe5 Bxe5 17. Rd1 Qc7 18. g3 d4 19. Bd2 a6 20. Qb3 h6
21. Rac1 Qd7 22. Qd3 Bf6 23. Bc3 Rac8 24. Bd2 Rxc1 25. Rxc1 Rc8 26. Rd1 Qd5 27.
a3 Qc4 28. Qf5 Qc2 29. Qg4 d3 30. Bxh6 Rc4 31. Qf3 gxh6 32. Rxd3 Kg7 33. Rd6
Qb1+ 34. Kg2 Qxb2 35. Rd7 Qc3 36. Qxb7 Qe5 37. Rxf7+ Kg6 38. Rg7+ Bxg7 39. Qxa6+
Kf5 40. Qxc4 Bf6 41. h3 Kg6 42. Qg4+ Kh7 43. Qd7+ Be7 44. Qg4 h5 45. Qf3 Kg6 46.
Qd3+ Kf7 47. Qf3+ Ke8 48. h4 Bd6 49. Qa8+ Ke7 50. Qb7+ Ke6 51. Qf3 Bc5 52. Qb3+
Kd6 53. Qf3 Qd4 54. Qf8+ Kc6 55. Qf3+ Kb5 56. Kh3 Ka4 57. g4 Qd7 58. Qe4+ Kxa3
59. Kg3 Qd6+ 60. Qf4 Bxf2+ 61. Kf3 Qd3+ 62. Kxf2 Qc2+ 63. Kg3 hxg4 64. Qxg4 Ka2
65. Qf3 Qc7+ 66. Qf4 Qg7+ 67. Kh3 Qd7+ 68. Qg4 Qd3+ 69. Kh2 Qd6+ 70. Qg3 Qe6 71.
h5 Qf5 72. Qg2+ Kb1 73. Qg1+ Kc2 74. Qg2+ Kd1 75. Qh3 Qf2+ 76. Qg2 Qh4+ 77. Qh3
Qf2+ 78. Qg2 Qh4+ 79. Qh3 Qf2+ 1/2-1/2

[Event "Titled Tue 27th May Early"]
[Site "chess.com INT"]
[Date "2025.05.27"]
[Round "2"]
[White "Zhakshylykov, Erzhan"]
[Black "Tang, Andrew"]
[Result "0-1"]
[WhiteTitle "IM"]
[BlackTitle "GM"]
[WhiteElo "2362"]
[BlackElo "2529"]
[WhiteFideId "13804111"]
[BlackFideId "2059630"]
[EventDate "2025.05.27"]

1. c4 e6 2. Nc3 d5 3. d4 Be7 4. Nf3 Nf6 5. Bg5 h6 6. Bh4 O-O 7. e3 b6 8. Rc1 Bb7
9. cxd5 Nxd5 10. Bxe7 Qxe7 11. Nxd5 Bxd5 12. Bc4 Bb7 13. O-O Rc8 14. Qe2 c5 15.
Rfd1 Nd7 16. Ba6 Bxa6 17. Qxa6 Rc7 18. b4 Rac8 19. dxc5 bxc5 20. bxc5 Nxc5 21.
Qa3 Qf6 22. h3 Qf5 23. Nd4 Qe5 24. Nb5 Re7 25. Nxa7 Rcc7 26. Nb5 Rc8 27. Rc2 Kh7
28. Rdc1 Rd7 29. Nd4 Rd5 30. g3 Qd6 31. Kg2 Qd7 32. Nf3 Qe7 33. e4 Rd3 34. Qb4
Qf6 35. Ne1 Na6 36. Qb5 Rxc2 37. Rxc2 Ra3 38. Qb2 Qe7 39. Rd2 Ra4 40. e5 Qc7 41.
Qc2+ Qxc2 42. Rxc2 Ra5 43. Nd3 Rd5 44. Rc3 Rd7 45. Kf3 Nc7 46. Ke4 Nb5 47. Rc4
Ra7 48. a4 Na3 49. Rb4 Nc2 50. Rb2 Na3 51. Rb4 g5 52. g4 Kg6 53. Nc5 Rc7 54. Nd3
Nc2 55. Rb5 Rc4+ 56. Kf3 Nd4+ 57. Ke3 Nxb5 58. axb5 Kg7 59. f3 Kf8 60. Kd2 Ke7
61. Nf2 Rc5 62. Nd3 Rxb5 63. Ke3 Ra5 64. f4 Ra4 65. fxg5 hxg5 66. Nf2 Ra3+ 67.
Nd3 Kd7 68. Kd4 Kc6 69. Nb4+ Kb5 70. Nd3 Ra4+ 71. Ke3 Kc6 72. Nf2 Kd5 73. Nd3
Ra3 0-1

[Event "Titled Tue 27th May Early"]
[Site "chess.com INT"]
[Date "2025.05.27"]
[Round "2"]
[White "Teterev, Vitaly"]
[Black "Papaioannou, Dimitrios"]
[Result "1-0"]
[WhiteTitle "GM"]
[BlackTitle "CM"]
[WhiteElo "2258"]
[BlackElo "2200"]
[WhiteFideId "13501429"]
[BlackFideId "25865137"]
[EventDate "2025.05.27"]

1. Nf3 c5 2. e4 Nc6 3. Bb5 e6 4. O-O Nge7 5. d4 cxd4 6. Nxd4 Ng6 7. Nc3 Qc7 8.
Be2 a6 9. Nb3 b5 10. Be3 Be7 11. f4 O-O 12. Bd3 d6 13. Qe2 Bd7 14. Kh1 Rab8 15.
Nd4 Bf6 16. Qf2 Nxf4 17. Nxc6 Nxd3 18. Qg3 Be5 19. Ne7+ Kh8 20. Qh4 Qd8 21. cxd3
b4 22. Rf3 g6 23. Ne2 Re8 24. Rh3 h5 25. Bg5 Kg7 26. Nf5+ exf5 27. Bxd8 Rbxd8
28. exf5 Bxf5 29. Ng3 Be6 30. Nxh5+ gxh5 31. Qxh5 Kf8 32. Qg5 Bg7 33. Rf1 Bxh3
34. gxh3 Rc8 35. Qf5 Rc7 36. Rg1 Re6 37. Rf1 Rce7 38. Qg4 Bxb2 39. Qxb4 Be5 40.
Qb8+ Re8 41. Qb7 R8e7 42. Qxa6 Kg7 43. Qa8 Rg6 44. Rg1 Rxg1+ 45. Kxg1 Bd4+ 46.
Kg2 Re6 47. Kf3 Re3+ 48. Kf4 Re6 49. Qd5 Be5+ 50. Kf3 Rf6+ 51. Ke2 Rg6 52. d4
Bf6 53. a4 Rg1 54. a5 Ra1 55. Qb5 Ra2+ 56. Kd3 Ra3+ 57. Ke4 Ra2 58. h4 d5+ 59.
Kxd5 Rd2 60. Qc5 Ra2 61. Kc6 Ra4 62. d5 Ra2 63. d6 Ra1 64. Kb6 Rb1+ 65. Kc6 Ra1
66. d7 Rb1 67. Qd5 Rc1+ 68. Kb7 Rb1+ 69. Ka6 Rb8 70. Qd6 Rd8 71. Kb6 Re8 72. a6
Rd8 73. Kc6 Kg6 74. a7 Kg7 75. Kb7 Bd4 76. a8=Q Rxd7+ 77. Qxd7 Be5 78. Qd5 Bf6
79. Qa6 Kf8 80. Qac6 Kg7 81. Qdd7 Be7 82. Qcd5 Bf6 83. Q5xf7+ Kh6 84. Qxf6+ 1-0

[Event "Titled Tue 27th May Early"]
[Site "chess.com INT"]
[Date "2025.05.27"]
[Round "2"]
[White "Boramanikar, Tanisha S"]
[Black "Terkiewicz, Bruno"]
[Result "1-0"]
[WhiteTitle "WCM"]
[BlackTitle "CM"]
[WhiteElo "1743"]
[BlackElo "2183"]
[WhiteFideId "35023454"]
[BlackFideId "21093245"]
[EventDate "2025.05.27"]

1. e4 d6 2. d4 g6 3. Nc3 Bg7 4. Be3 Nf6 5. f3 c6 6. Qd2 b5 7. O-O-O O-O 8. g4 h5
9. h3 b4 10. Nb1 a5 11. Bh6 Nbd7 12. Bxg7 Kxg7 13. Ne2 e5 14. Ng3 h4 15. Ne2 Nh7
16. f4 exf4 17. Nxf4 Ng5 18. Bg2 Re8 19. Rhe1 Bb7 20. Qf2 Nc5 21. dxc5 d5 22.
Qd4+ Kh7 23. exd5 cxd5 24. Nxd5 Bxd5 25. Qxd5 Qxd5 26. Bxd5 Rxe1 27. Rxe1 Rc8
28. c6 Kg7 29. Nd2 Nxh3 30. Nf3 Nf4 31. Be4 h3 32. Nh2 Kf6 33. Kd2 Kg5 34. Rg1
Re8 35. Nf3+ Kf6 36. g5+ Kg7 37. Bd3 Re6 38. Bb5 Rd6+ 39. Ke3 Nd5+ 40. Ke4 Nc7
41. Ba4 Na6 42. Bb5 Nc5+ 43. Ke5 Re6+ 44. Kd5 Ne4 45. Ne5 Nd6 46. Ng4 Nxb5 47.
Kc5 Nc7 48. Kb6 Nd5+ 49. Kb7 Re7+ 50. Kc8 a4 51. Rd1 Nb6+ 52. Kb8 Re4 53. c7
Rxg4 54. Kb7 h2 55. Rh1 Rc4 56. Kxb6 Rxc2 57. Kb7 b3 58. axb3 axb3 59. c8=Q Rxc8
60. Kxc8 f6 61. Rxh2 fxg5 62. Rg2 Kf6 63. Kc7 Kf5 64. Kd6 g4 65. Kd5 Kf4 66. Kd4
Kf3 67. Rg1 g3 68. Rf1+ Ke2 69. Rf6 g2 70. Rxg6 Kf2 71. Kc3 g1=Q 72. Rxg1 Kxg1
73. Kxb3 Kf2 74. Kc4 Ke3 75. b4 Ke4 76. Kc5 Ke5 77. b5 Ke6 78. Kc6 Ke7 79. Kc7
Ke6 80. b6 Kd5 81. b7 Kc4 82. b8=Q 1-0

[Event "Titled Tue 27th May Early"]
[Site "chess.com INT"]
[Date "2025.05.27"]
[Round "2"]
[White "Sovetbekova, Nurai"]
[Black "Asish Panda"]
[Result "1/2-1/2"]
[WhiteTitle "WFM"]
[WhiteElo "2007"]
[BlackElo "1911"]
[WhiteFideId "13801910"]
[BlackFideId "45012458"]
[EventDate "2025.05.27"]

1. d4 d5 2. c4 e6 3. Nf3 Nf6 4. Nc3 Be7 5. e3 O-O 6. Bd3 b6 7. cxd5 exd5 8. O-O
Bb7 9. Ne5 Nbd7 10. f4 Ne4 11. Qb3 Ndf6 12. Bb5 c5 13. Bc6 Rb8 14. Rd1 Nxc3 15.
bxc3 Qc7 16. Bxb7 Qxb7 17. Ba3 Rbc8 18. Rac1 Ne4 19. h3 Rc7 20. dxc5 Bxc5 21.
Bxc5 Rxc5 22. Nd3 Rcc8 23. Nb4 Rfd8 24. Rxd5 Nc5 25. Qd1 Qe7 26. Kh1 Ne4 27. Rc2
Re8 28. Rd7 Ng3+ 29. Kh2 Qxe3 30. Rd3 Qxf4 31. Rxg3 Re3 32. Qg4 Qe5 33. Rf2 h5
34. Qf4 Qxf4 35. Rxf4 Rxg3 36. Kxg3 Rxc3+ 37. Rf3 Rc4 38. Nd5 Rc2 39. a3 g6 40.
Nb4 Rb2 41. Rc3 a5 42. Nd5 b5 43. Nb6 b4 44. axb4 axb4 45. Re3 Rc2 46. Nd5 Rb2
47. Re4 b3 48. Rb4 Rd2 49. Nf6+ Kg7 50. Ne4 Re2 51. Nc3 Rc2 52. Rxb3 g5 53. Kh2
f5 54. Nd5 f4 55. Rb7+ Kg6 56. Rb6+ Kf5 57. Ne7+ Ke5 58. Rg6 f3 59. Rxg5+ Kf6
60. Rg6+ Kxe7 61. Rg5 Kf6 62. Rg3 fxg2 63. Rxg2 Rc4 64. Rf2+ Kg5 65. Kg3 Rc3+
66. Kg2 Kh4 67. Rf4+ Kg5 68. Ra4 h4 69. Ra5+ Kg6 70. Ra4 Kg5 71. Rg4+ Kh5 72.
Ra4 Rc2+ 73. Kf3 Rh2 74. Ra5+ Kg6 75. Kg4 Rb2 76. Kxh4 Rb4+ 77. Kg3 Rb3+ 78. Kg2
Rb2+ 79. Kg3 Rb3+ 80. Kg2 Rb2+ 81. Kg3 Rb3+ 1/2-1/2

[Event "Titled Tue 27th May Early"]
[Site "chess.com INT"]
[Date "2025.05.27"]
[Round "2"]
[White "Ingebretsen, Jens E"]
[Black "Tursunalieva, Nurelina"]
[Result "1-0"]
[WhiteTitle "IM"]
[BlackTitle "WCM"]
[WhiteElo "2414"]
[BlackElo "1810"]
[WhiteFideId "1522965"]
[BlackFideId "13817329"]
[EventDate "2025.05.27"]

1. c4 Nf6 2. Nc3 g6 3. Nf3 Bg7 4. g3 O-O 5. Bg2 d6 6. O-O e5 7. d3 Nbd7 8. Ne1
Ne8 9. Nc2 f5 10. b4 c6 11. a4 a5 12. b5 Qc7 13. Bb2 Nb6 14. Rc1 Be6 15. Na1 f4
16. Nb3 c5 17. Nd2 Rd8 18. Nde4 h6 19. Qb3 g5 20. Nd5 Nxd5 21. cxd5 Bd7 22. Nd2
b6 23. Nc4 g4 24. Be4 Nf6 25. Bg6 Be8 26. Bxe8 Rfxe8 27. Nd2 h5 28. Ne4 Nxe4 29.
dxe4 Qf7 30. Kg2 Qg6 31. Qd3 Rf8 32. f3 Bh6 33. Rc3 h4 34. Bc1 h3+ 35. Kh1 fxg3
36. hxg3 Bxc1 37. Rcxc1 gxf3 38. Rxf3 Rxf3 39. Qxf3 Rf8 40. Qe3 Qg4 41. Kh2 Kg7
42. Rg1 Rf7 43. Rd1 Kg6 44. Rg1 Qg5 45. Qxg5+ Kxg5 46. Kxh3 Rf2 47. Re1 Kh5 48.
Rc1 Rxe2 49. Rf1 Rxe4 50. Rf6 Rxa4 51. Rxd6 Rd4 52. Rxb6 Rxd5 53. Rc6 a4 54. b6
a3 55. b7 Rd8 56. Rc8 a2 57. Rxd8 a1=Q 58. g4+ Kg5 59. Rg8+ Kf4 60. Rf8+ Kg5 61.
b8=Q Qh1+ 62. Kg3 Qg1+ 63. Kf3 Qf1+ 64. Ke3 Qe1+ 65. Kd3 Qd1+ 66. Kc4 Qd4+ 67.
Kb5 Qb4+ 68. Kc6 Qa4+ 69. Kxc5 Qa3+ 70. Kd5 Qd3+ 71. Kxe5 Qe3+ 72. Kd5 Qd3+ 73.
Kc6 Qc3+ 74. Kd7 Qd3+ 75. Ke7 Qe4+ 76. Kf7 Qf3+ 77. Kg8 Qd5+ 78. Rf7 1-0

[Event "Titled Tue 27th May Early"]
[Site "chess.com INT"]
[Date "2025.05.27"]
[Round "2"]
[White "Krsnik Cohar, Ivan Vihor"]
[Black "Medhus, Vitus Bondo"]
[Result "1/2-1/2"]
[WhiteTitle "FM"]
[BlackTitle "FM"]
[WhiteElo "2362"]
[BlackElo "2384"]
[WhiteFideId "14520044"]
[BlackFideId "1462547"]
[EventDate "2025.05.27"]

1. d4 c5 2. c3 cxd4 3. cxd4 Nf6 4. Nf3 d5 5. Nc3 Nc6 6. a3 a6 7. Bf4 Bf5 8. Rc1
e6 9. Qb3 Na5 10. Qa2 Bd6 11. Bxd6 Qxd6 12. e3 O-O 13. Be2 b5 14. O-O Rfc8 15.
Ne5 Nc4 16. Bxc4 dxc4 17. b3 Nd7 18. bxc4 Nxe5 19. dxe5 Qxe5 20. e4 Rxc4 21.
exf5 Rxc3 22. Rxc3 Qxc3 23. fxe6 Qc4 24. exf7+ Qxf7 25. Qd2 a5 26. Rb1 Qc4 27.
h3 Qc5 28. Rc1 Qf5 29. Rc7 Rf8 30. Qd4 Qf6 31. Qd5+ Kh8 32. f3 Qa1+ 33. Kh2 Qxa3
34. Qe5 Rg8 35. Ra7 a4 36. Qxb5 Qd6+ 37. Kh1 a3 38. Qa6 Qd1+ 39. Kh2 Qe1 40.
Qxa3 Qe5+ 41. Kh1 Qe1+ 42. Kh2 Qe5+ 43. f4 Qxf4+ 44. Qg3 Qxg3+ 45. Kxg3 h6 46.
h4 Rf8 47. h5 Rf5 48. Kh4 Rg5 49. g4 Kg8 50. Ra8+ Kf7 51. Ra6 Ke7 52. Ra7+ Kf6
53. Ra6+ Ke5 54. Kg3 Ke4 55. Ra4+ Ke5 56. Kf3 Kf6 57. Ra6+ Kf7 58. Kf4 Rb5 59.
Ra7+ Kf6 60. Ra6+ Kf7 61. Kg3 Rb3+ 62. Kh4 Rb4 63. Ra7+ Kf6 64. Ra8 Rc4 65. Rf8+
Ke7 66. Rf1 Rd4 67. Kg3 Rd3+ 68. Kf4 Rd4+ 69. Kf5 Rd5+ 70. Ke4 Ra5 71. Re1 Kf6
72. Kf4 Ra4+ 73. Kg3 Ra3+ 74. Kh4 Ra4 75. Rf1+ Ke7 76. Rf2 Rb4 77. Rf5 Rb6 78.
g5 Rb4+ 79. Kh3 Rc4 80. g6 Ke6 81. Rf7 Rc5 82. Rxg7 Rxh5+ 83. Kg4 Rg5+ 84. Kh4
Kf6 85. Rg8 Rxg6 86. Rxg6+ Kxg6 87. Kg4 h5+ 88. Kh4 Kh6 89. Kh3 Kg5 90. Kg3 h4+
91. Kh3 Kh5 92. Kh2 Kg4 93. Kg2 h3+ 94. Kh2 Kh4 95. Kh1 Kg3 96. Kg1 h2+ 97. Kh1
Kh3 1/2-1/2

[Event "Titled Tue 27th May Early"]
[Site "chess.com INT"]
[Date "2025.05.27"]
[Round "2"]
[White "Logachiov, Aleksandr"]
[Black "Pavlov, Nikolay"]
[Result "0-1"]
[WhiteTitle "CM"]
[BlackTitle "FM"]
[WhiteElo "2129"]
[BlackElo "2316"]
[WhiteFideId "24123706"]
[BlackFideId "24141470"]
[EventDate "2025.05.27"]

1. Nf3 Nf6 2. c4 b6 3. g3 Bb7 4. Bg2 e6 5. O-O Be7 6. b3 O-O 7. Bb2 c5 8. Nc3
Ne4 9. d4 Nxc3 10. Bxc3 Bf6 11. Qd3 d6 12. Rfd1 Qe7 13. dxc5 Bxc3 14. Qxc3 bxc5
15. Qd3 Rd8 16. Nd2 d5 17. cxd5 exd5 18. Nf3 Nc6 19. e3 Nb4 20. Qd2 Rac8 21. a3
Nc6 22. Rac1 h6 23. Qc3 Nb8 24. Qa5 Ba8 25. Rc2 Rc7 26. Rdc1 Rdc8 27. Nh4 g6 28.
Qd2 Qe6 29. e4 dxe4 30. Qxh6 Nd7 31. Qe3 Rb8 32. Rc4 Bd5 33. Ra4 Rxb3 34. Qf4
Qe5 35. Qxe5 Nxe5 36. Bxe4 Be6 37. f4 Nd3 38. Bxd3 Rxd3 39. Ng2 c4 40. Ne1 Rd2
41. Rc2 Rd1 42. Kf2 Kg7 43. Ra5 Rb1 44. Re5 c3 45. Re3 Rb3 46. a4 Bf5 47. Rc1
Rb2+ 48. Kf1 Rxh2 49. Rcxc3 Rd7 50. Rc1 Rdd2 51. Nf3 Rdf2+ 52. Kg1 Rhg2+ 53. Kh1
Rxg3 54. Rcc3 Bg4 55. Nh2 Rgg2 56. Nxg4 Rxg4 57. Re4 Rgxf4 58. Rxf4 Rxf4 59. a5
Ra4 60. Rc5 a6 61. Kg2 f6 62. Kf3 g5 63. Kg3 Kg6 64. Kf3 Ra3+ 65. Kg2 Kh5 66.
Rc6 f5 67. Rxa6 Kg4 68. Ra8 Ra2+ 69. Kf1 Kf3 70. Ke1 g4 71. a6 g3 72. Rf8 f4 73.
a7 Rxa7 0-1